• 首页
  • 本馆介绍
  • 公告通知
  • 最新文献
  • 馆藏检索
  • 电子资源
  • 读者导购
  • 参考咨询
  • 我的图书馆
  • 登录
  • 详细信息显示
  • 放入我的书架
  • 预约/预借图书
  • 作者相关作品
  • 分类相关作品
  • 丛书相关作品
  • 出版社相关作品

书目信息

  • 表格格式
  • 工作单格式
  • 卡片格式
题名:
单片优质语音录放集成电路应用手册
    
 
作者: 王南阳 编著
分册:  
出版信息: 北京   机械工业出版社  2006
页数: 12,713页
开本: 26cm
丛书名:
单 册:
中图分类: TN492-62 , TN912.3-62
科图分类:
主题词: 语言信号处理--集成电路--手册 , 语言信号处理 , 集成电路
电子资源:
ISBN: 7-111-17091-1
000 00996nam0 2200289 450
001 003031951
005 20070807162751.62
010    @a7-111-17091-1@b精装@dCNY99.00
035    @a003031951
100    @a20050119d2006 em y0chiy0110 ea
101 0  @achi
102    @aCN@b110000
105    @ay z 000yy
106    @ar
200 1  @a单片优质语音录放集成电路应用手册@Adan pian you zhi yu yin lu fang ji cheng dian lu ying yong shou ce@f王南阳等编著@Fwang nan yang deng bian zhu
210    @a北京@c机械工业出版社@d2006
215    @a12,713页@d26cm
300    @a新型实用集成电路应用手册系列
330    @a本书介绍了目前所有ISD系列语音录放集成电路的工作原理和操作方法,并配有大量的图表解析,阐述了各种典型应用电路和基本使用方法等。
606 0  @a语言信号处理@x集成电路@j手册
606 0  @a语言信号处理
606 0  @a集成电路
690    @aTN492-62@v4
690    @aTN912.3-62@v4
701  0 @a王南阳@Awang nan yang@f(1950~)@4编著
801  0 @aCN@bNLC@c20070807
905    @dTN492-62@e116@f1
    
    单片优质语音录放集成电路应用手册/王南阳等编著.-北京:机械工业出版社,2006
    12,713页;26cm
    新型实用集成电路应用手册系列
    
    ISBN 7-111-17091-1(精装):CNY99.00
    本书介绍了目前所有ISD系列语音录放集成电路的工作原理和操作方法,并配有大量的图表解析,阐述了各种典型应用电路和基本使用方法等。
●
相关链接 在E读中查询图书 在五车中查询图书 在当当中查询图书 在豆瓣中查询图书


正题名:单片优质语音录放集成电路应用手册     索取号:TN492-62/116         预约/预借

序号 登录号 条形码 馆藏地/架位号 状态 备注
1 0853069   208530696   第二样本阅览室/ [索取号:TN492-62/116] 在馆    
唐山师范学院图书馆 欢迎您!
大连网信软件有限公司© 版权所有